| 000 | 00653nam a2200169Ia 4500 | ||
|---|---|---|---|
| 008 | 090711s9999 xx 000 0 und d | ||
| 082 | _b49888 | ||
| 100 | _aकुलकर्णी ह. द. (संपा.) | ||
| 245 | _aहेमांगी घरकुल हवंय ना? | ||
| 260 |
_bरमा प्रकाशन _c1983 |
||
| 300 | _a144 | ||
| 600 | _aकुलकर्णी ह. द. (संपा.) | ||
| 630 | _aहेमांगी घरकुल हवंय ना? | ||
| 700 | _aकुलकर्णी ह. द. (संपा.) | ||
| 730 | _aहेमांगी घरकुल हवंय ना? | ||
| 942 | _cBOOK | ||
| 999 |
_c329037 _d329037 |
||